Normal view
MARC view
- اعداد ثراء محمود الخطيب، اعتدال طلال الشريدة، سلام علي الهياجنة؛ اشراف محمد بني يونس
Entry Personal Name
001 - CONTROL NUMBER
- control field: 58319
003 - CONTROL NUMBER IDENTIFIER
- control field: JO-AjAnu
005 - DATE AND TIME OF LATEST TRANSACTION
- control field: 20230606083538.0
008 - FIXED-LENGTH DATA ELEMENTS
- fixed length control field: 230606|| aca||aabn | a|a d
040 ## - CATALOGING SOURCE
- Original cataloging agency: JO-AjAnu
- Transcribing agency: JO-AjAnu
100 ## - HEADING--PERSONAL NAME
- Personal name: اعداد ثراء محمود الخطيب، اعتدال طلال الشريدة، سلام علي الهياجنة؛ اشراف محمد بني يونس
670 ## - SOURCE DATA FOUND
- Source citation: Work cat.: (JO-AjAnu)29751: اعداد ثراء محمود الخطيب، اعتدال طلال الشريدة، سلام علي الهياجنة؛ اشراف محمد بني يونس, author, جواز سفر الكتروني اردني = Online Electronic Passport Jordan